| 000 | 00715nam a2200241 a 4500 | ||
|---|---|---|---|
| 001 | 34587 | ||
| 003 | BD-RjUL | ||
| 005 | 20211209052201.0 | ||
| 008 | 140518s1960 ii 001 0 eng d | ||
| 035 | _a(BD-RjUL)34681 | ||
| 035 | _a(BD-RjUL) | ||
| 040 |
_a2509 _beng _c2509 _d2509 _dBD-RjUL |
||
| 041 | _aeng | ||
| 082 |
_a954 _bMAS 1960 |
||
| 100 | 1 |
_aMazumdar, Bhakat Prasad. _9105217 |
|
| 245 | 1 | 0 |
_aSocio-economic history of Northern India, 1030-1194 A.D. / _c Bhakat Prasad Mazumdar |
| 260 |
_aCalcutta : _bMukhopadhyay, _c1960. |
||
| 300 |
_axxiii, 417p. ; _c23cm. |
||
| 500 | _aThesis - Patna University. | ||
| 504 | _aIncludes index. | ||
| 651 | 0 |
_aIndia _xHistory _y1000-1765. _9105218 |
|
| 942 |
_2ddc _cBK |
||
| 999 |
_c34587 _d34587 |
||